| 000 | 00576nam a2200217 a 4500 | ||
|---|---|---|---|
| 001 | 0001-2120 | ||
| 003 | ELIB.Books | ||
| 008 | 190724 2010 eng | ||
| 020 | _a0891351950 | ||
| 092 |
_a248.8 _bNef |
||
| 100 | _aNeff, Black J. | ||
| 245 | _aHandbook of Family Religious Education | ||
| 260 |
_aBirmingham _bReligious Education Press _c1995 |
||
| 300 |
_a290 _c23cm |
||
| 650 | _aReligious Education | ||
| 856 |
_nKBTS Library _uKBTS Elib |
||
| 942 |
_2ddc _cBK |
||
| 990 | _a1 | ||
| 998 |
_aEnglishbooks.elf _ccat _e2019-07-24 |
||
| 999 |
_c12120 _d12120 |
||